00771nam a22002537a 45000010005000000030006000050050017000110080041000280200018000690400029000870500015001160820012001311000018001432450038001612500047001992600038002463000044002845050008003285200086003365210020004225210020004426500028004626500027004905452FISKH20241206164736.0241206b cb ||||| |||| 00| 0 eng d a9780545255066 aFISKHbengcFISKHdFISKH aHV6432.Z85 a973.931 aZullo, Allan  aHeroes of 9/11 / cby Allan Zullo aFirst Scholastic printing , September 2011 aNew York : bScholastic ;c2011 . a181 pages : billustrations ;c20 cm .  aZ  aTen stories of the first-responders who risked their lives on September 11, 2001.8 a980 bLexile 8 aZ bRaz-Plus  ahistoricalvNon-fiction abiographyvNon-fiction